| 000 | 00459nam a22002057a 4500 | ||
|---|---|---|---|
| 001 | 25485 | ||
| 005 | 20260424081730.0 | ||
| 008 | 260424b |||||||| |||| 00| 0 spa d | ||
| 041 | _aESP | ||
| 082 |
_a985.2 _bI87 |
||
| 100 | _aVelarde, Héctor | ||
| 245 | _aItinerarios de Lima | ||
| 260 |
_a : _b , _c1971 |
||
| 300 |
_a101 páginas : _b ; _c21 cm. |
||
| 440 | _a ; | ||
| 650 | _aHIS | ||
| 654 | _aCHU | ||
| 700 | _a; | ||
| 942 |
_cLIB _dJUS _fJUS _n0 _2ddc |
||
| 999 |
_c25485 _d25485 |
||